00492nam a2200169 a 450000500170000000800410001702000180005805000240007610000210010024500430012126000370016430000210020152100090022265000460023165000230027770000220030020140310183520.0110802s19uu xx 00 eng d a9780070670402 aHF 5547b.B171 2010 aBalachandran, V. aOffice management /cV Balanchandaran. aNew Delhi :bMcGraw-Hill,c2009. a258 p. :c25 cm. aBSBA aPaperwork ( office practice)- mANAGEMENT. aOffice management. aV. Chandrasekaran